Quick Pick: Movie Synonyms for Great Quiz Stats

 Plays Quiz Updated Jun 28, 2018

Challenge
Share
Tweet
Embed
Score 0/12 Timer 01:30
7 Plays Today
% Correct
Incredible
95.7%
Wonderful
94.5%
Incredible
89.9%
Fantastic
87.1%
Wonderful
86.7%
Magnificent
86.3%
Fantastic
81.3%
Wonderful
81%
Magnificent
67%
Fantastic
65.6%
Magnificent
63.2%
Wonderful
47.1%

Today's Daily Dose

Missing Word
Madam, I'm Adam

Quick Pick
Meat vs Animal

On This Day
October 21st II

You're not logged in!

Compare scores with friends on all Sporcle quizzes.
Join for Free
OR
Log In

You Might Also Like...

Show Comments

Extras

Top Quizzes Today


Score Distribution

Your Account Isn't Verified!

In order to create a playlist on Sporcle, you need to verify the email address you used during registration. Go to your Sporcle Settings to finish the process.

Report this User

Report this user for behavior that violates our Community Guidelines.

Details: